000 00820cam a22001694a 4500
005 20250605163659.0
008 250528s ||||||||||||||||||||||||d
035 _a24211
040 _aGR-AtMCL
_bgre
_dGR-AtMCL
_eAACR2
245 1 _aΗ Ευρώπη των Νέων
260 _bΔιοικητική Μονάδα 'Εκδόσεις'
_bΟπτικοακουστικός Τομέας, Πληροφόρηση, Επικοινωνία Και Πολιτιστικά Θέματα,
_c1991
300 _a6
520 _aΠοσοστό Κατά Χώρα των Νέων Ηλικίας Κάτω των 25 Ετών που Βρίσκονται σε Πλήρη Ανεργία - 1988, Προσήλωση των Νέων στις Ευρωπαϊκές Αξίες.
942 _cCR
999 _c9105
_d9105